Countries the Netherlands Invaded, Occupied or Fought - Statistics

General Stats
  • This quiz has been taken 821 times
  • The average score is 15 of 26
Answer Stats
Answer % Correct
Germany
96%
United Kingdom
95%
Belgium
94%
France
93%
Indonesia
91%
Spain
88%
Italy
77%
Portugal
77%
Suriname
77%
Russia
75%
Japan
71%
South Africa
69%
Austria
64%
India
64%
Sweden
58%
Malaysia
47%
Iraq
43%
Sri Lanka
41%
Afghanistan
38%
Guyana
37%
Hungary
36%
East Timor
33%
Ghana
26%
Bosnia and Herzegovina
18%
North Korea
16%
Kosovo
12%
No matching quizzes found
Score Distribution
Percent of People with Each Score
Percentile by Number Answered
Your Score History
You have not taken this quiz